| 000 | 00441nam a2200181Ia 4500 | ||
|---|---|---|---|
| 001 | 16556 | ||
| 005 | 20260306170318.0 | ||
| 008 | 260306t2008||||xx |||||||||||||| ||und|| | ||
| 041 | _aESP | ||
| 082 |
_a348.611 _bA68 |
||
| 100 |
_aArce Ortiz, Elmer _eAUT |
||
| 245 | 0 | _aRégimen laboral de los artistas en el Perú | |
| 260 | _c2008 | ||
| 300 |
_a121 páginas : _c20 cm. |
||
| 650 | _aGEN | ||
| 654 | _aCDE | ||
| 942 |
_cLIB _dJUS _fJUS _2ddc _n |
||
| 999 |
_c16556 _d16556 |
||